| 000 | 00523cam a2200157 4500500 | ||
|---|---|---|---|
| 005 | 20251012025141.0 | ||
| 041 | _afre | ||
| 042 | _adc | ||
| 100 | 1 | 0 |
_aKlinke, Leo _eauthor |
| 700 | 1 | 0 |
_a Calenborn, Lisa _eauthor |
| 245 | 0 | 0 | _aRediscovering the Calvary Chapel near Blankenheim, Rhineland, Germany |
| 260 | _c2025. | ||
| 500 | _a4 | ||
| 786 | 0 | _nArcheoSciences | 49-1 | 1 | 2025-08-26 | p. 613-616 | 1960-1360 | |
| 856 | 4 | 1 | _uhttps://shs.cairn.info/revue-archeosciences-2025-1-page-613?lang=en&redirect-ssocas=7080 |
| 999 |
_c1544756 _d1544756 |
||